The Punjab bhudan yagna act, 1955 (Punjab act no. 45 of 1955) (Record no. 383334)

000 -LEADER
fixed length control field 00338cam a22001097a 4500
008 - FIXED-LENGTH DATA ELEMENTS--GENERAL INFORMATION
fixed length control field 180718b-- xxu||||| |||| 00| 0 eng d
082 ## - DEWEY DECIMAL CLASSIFICATION NUMBER
Classification number Y15303x5433 A
100 ## - MAIN ENTRY--PERSONAL NAME
Personal name Punjab. Legislative Department
245 ## - TITLE STATEMENT
Title The Punjab bhudan yagna act, 1955 (Punjab act no. 45 of 1955)
260 ## - PUBLICATION, DISTRIBUTION, ETC.
Place of publication, distribution, etc. Chandigarh
Name of publisher, distributor, etc. The author
Date of publication, distribution, etc. --
500 ## - GENERAL NOTE
General note Library has 1955
Holdings
Withdrawn status Lost status Damaged status Not for loan Permanent Location Current Location Date acquired Full call number Barcode Date last seen Price effective from Koha item type
        Indian Institute of Public Administration Indian Institute of Public Administration 2004-08-11 Y15303x5433 A 11725 2018-07-21 2018-07-21 Book

Powered by Koha